| 000 | 01416nam0a22003131 4500 | ||
|---|---|---|---|
| 001 | rc\3455569 | ||
| 005 | 20130115123917.4 | ||
| 021 |
_aRU _b[75-5611] |
||
| 035 | _a(NLR Aleph) 007893630 | ||
| 090 |
_a7993736 _c7993736 |
||
| 100 | _a20130115d1974 |||y0rusy50 ca | ||
| 101 | 0 | _arus | |
| 102 | _aRU | ||
| 105 | _ay z ||||| | ||
| 200 | 1 |
_aОсновы марксистско-ленинской этики _e[Для вузов] _fПод ред. д-ра филос. наук, проф. Е.М. Бабосова и канд. филос. наук, доц. С.Д. Лаптенка |
|
| 210 |
_aМинск _cВышэйш. школа _d1974 |
||
| 215 |
_a320 с. _d20 |
||
| 300 | _aНа 3-й с. авт.: канд. филос. наук, доц. С.Д. Лаптенок, д-ра филос. наук, профессора И.Н. Лущицкий, Е.М. Бабосов и др. | ||
| 320 | _aСписок лит.: с. 305-307 | ||
| 320 | _aУказ. предм. и имен.: с. 308-319 | ||
| 606 |
_aЭтика марксистско-ленинская _jУчебники и пособия _2psbo |
||
| 701 | 1 |
_aЛаптенок _bС. Д. _gСергей Данилович _4340 |
|
| 701 | 1 |
_aБабосов _bЕ. М. _gЕвгений Михайлович _4340 |
|
| 701 | 1 |
_aЛущицкий _bИ. Н. |
|
| 801 | 0 |
_aRU _bNLR _gpsbo |
|
| 801 | 1 |
_aRU _bELAR _2rusmarc |
|
| 852 |
_aNLR _j74-3/7004 |
||
| 942 | _cBOOK | ||
| 980 | _aNB | ||